دليل شعاع لمصطلحات الحاسب / (رقم التسجيلة. 88997)

تفاصيل مارك
000 -الفاتح
عناصر البيانات ثابتة الطول 00692nam a22001937a 4500
005 - تاريخ ووقت آخر معاملة
حقل ضبط 20251108172816.0
008 - عناصر البيانات ثابتة الطول
عناصر البيانات ثابتة الطول 250721s2004 sy gr 000 0 ara d
082 14 - رقم تصنيف ديوي العشري
رقم التصنيف 004.03
رقم المادة ط ب ا
100 1# - مدخل رئيسي – اسم شخصي
الاسم الشخصي طباع، نبيل
علاقة الشخص بالعمل/ دوره معد.
245 10 - بيان العنوان
العنوان دليل شعاع لمصطلحات الحاسب /
بيان المسؤولية إعداد المهندس نبيل طباع، المهندس محمد شيخو معمو.
250 ## - بيان الطبعة
بيان الطبعة الطبعة الاولى.
264 1# - بيانات النشر، التوزيع…إلخ
مكان النشر، التوزيع...إلخ حلب :
اسم الناشر، الموزع...إلخ شعاع للنشر و العلوم،
تاريخ النشر، التوزيع...إلخ 2004.
300 ## - الوصف المادي
عدد الوحدات المكونة للوعاء 894 صفحة.
650 17 - مدخل إضافي بالموضوع - مصطلح موضوعي
مصطلح موضوعي أو اسم جغرافي كعنصر مدخل الحواسيب
650 17 - مدخل إضافي بالموضوع - مصطلح موضوعي
مصطلح موضوعي أو اسم جغرافي كعنصر مدخل علم المصطلح
700 1# - مدخل إضافي - اسم شخصي
الاسم الشخصي معمو، محمد شيخو
علاقة الشخص بالعمل/ دوره معد.
942 ## - بيانات إضافية (كوها)
نوع التنصيف Dewey Decimal Classification
نوع المادة (كوها) مراجع
المقتنيات
حالة السحب حالة الفقدان مصدر التصنيف حالة التلف غير قابل للإعارة المكتبة الرئيسية المكتبة الحالية موقع الرف تاريخ التزويد الرقم المتسلسل Total Checkouts رقم الإستدعاء الباركود تاريخ آخر ظهور تاريخ الفاتورة نوع المادة (كوها)
    Dewey Decimal Classification   Not For Loan المكتبة المركزية المكتبة المركزية مراجع 28/07/2025 774402   م/004.03/طبا 774402 28/07/2025 28/07/2025 مراجع
    Dewey Decimal Classification   Not For Loan المكتبة المركزية المكتبة المركزية مقتنيات قسم التزويد 28/07/2025 774403   م/004.03/طبا 774403 28/07/2025 28/07/2025 مراجع
    Dewey Decimal Classification   Not For Loan المكتبة المركزية المكتبة المركزية مقتنيات قسم التزويد 28/07/2025 774404   م/004.03/طبا 774404 28/07/2025 28/07/2025 مراجع
    Dewey Decimal Classification   Not For Loan المكتبة المركزية المكتبة المركزية مقتنيات قسم التزويد 28/07/2025 774405   م/004.03/طبا 774405 28/07/2025 28/07/2025 مراجع
    Dewey Decimal Classification   Not For Loan مكتبة أبو علندا العامة مكتبة أبو علندا العامة مراجع 28/07/2025 774414   م/004.03/طبا 774414 28/07/2025 28/07/2025 مراجع
    Dewey Decimal Classification   Not For Loan مكتبة الاميرة بديعة مكتبة الاميرة بديعة مراجع 28/07/2025 774409   م/004.03/طبا 774409 28/07/2025 28/07/2025 مراجع
    Dewey Decimal Classification     مكتبة البراعم الواعدة مكتبة البراعم الواعدة الإعارة 25/10/2015 1474206   م/004.03/طبا PLD00359442 28/07/2025 25/10/2015 مراجع
    Dewey Decimal Classification   Not For Loan مكتبة البراعم الواعدة مكتبة البراعم الواعدة مراجع 25/06/2018 1653941   م/004.03/طبا PLD00422481 28/07/2025 25/06/2018 مراجع
    Dewey Decimal Classification   Not For Loan مكتبة الجويدة مكتبة الجويدة مراجع 28/07/2025 774410   م/004.03/طبا 774410 28/07/2025 28/07/2025 مراجع
    Dewey Decimal Classification   Not For Loan مكتبة الحسن العامة مكتبة الحسن العامة مراجع 28/07/2025 774411   م/004.03/طبا 774411 28/07/2025 28/07/2025 مراجع
    Dewey Decimal Classification   Not For Loan مكتبة حمزة العامة مكتبة حمزة العامة مراجع 28/07/2025 774412   م/004.03/طبا 774412 28/07/2025 28/07/2025 مراجع
    Dewey Decimal Classification   Not For Loan مكتبة صويلح العامة مكتبة صويلح العامة مراجع 28/07/2025 774407   م/004.03/طبا 774407 28/07/2025 28/07/2025 مراجع
    Dewey Decimal Classification   Not For Loan مكتبة وادي السير العامة مكتبة وادي السير العامة مراجع 28/07/2025 774415   م/004.03/طبا 774415 28/07/2025 28/07/2025 مراجع
Implemented & Customized by: BBB with SCIT (Smart Chains for Information Technology)

Powered by Koha